000 00989cad a22002655a 4500
001 L158596
008 121219e2015 xxk 000 0 eng d
035 _a(Sirsi) u158596
041 0 _aeng
100 1 _aToms, John
245 0 4 _aThe number one industrial killer
_h[electronic resource]
260 _c2015
490 _aRICS Property Journal
_vMay-June 2015, 32-33(2)
520 _aExplains the dangers of asbestos and appropriate way of carrying out a refurbishment and demolition survey in all properties built pre-2000.
650 2 4 _aASBESTOS WORKS
650 2 4 _aHEALTH AND SAFETY EXECUTIVE
650 2 4 _aFLOOD DAMAGE
650 2 4 _aLISTED BUILDING
651 4 _aUnited Kingdom
_y
690 _aBuilding materials and defects
690 _aHealth and safety
_96244
710 _aRoyal Institution of Chartered Surveyors
_94900
856 4 0 _uhttps://www.rics.org/uk/news/journals/property-journal
_zView the journal free of charge at www.rics.org/journals...
942 _n0
999 _c84632
_d84632